Real Madrid Champions League XIs - Statistics

General Stats
  • This quiz has been taken 4,796 times
  • The average score is 44 of 86
Answer Stats
Answer % Correct
Cristiano Ronaldo
99%
Ronaldo
98%
Karim Benzema
97%
Sergio Ramos
97%
Iker Casillas
96%
Luka Modrić
96%
Toni Kroos
96%
Thibault Courtois
95%
Dani Carvajal
93%
Gareth Bale
92%
Keylor Navas
92%
Vinícius Júnior
92%
Casemiro
91%
Marcelo
91%
Raphaël Varane
88%
Pepe
85%
Isco
82%
Raul
81%
Zinédine Zidane
79%
Éder Militão
78%
David Alaba
77%
Ferland Mendy
76%
Ángel Di María
75%
David Beckham
74%
Roberto Carlos
74%
Mesut Özil
73%
Luís Figo
72%
Nacho
71%
Federico Valverde
70%
Marco Asensio
70%
Xabi Alonso
70%
Sami Khedira
69%
Fernando Hierro
65%
Fábio Coentrão
64%
Gonzalo Higuaín
63%
Álvaro Arbeloa
60%
Kaká
59%
Eden Hazard
56%
Guti
56%
Diego López
55%
James Rodríguez
55%
Lucas Vázquez
53%
Ruud van Nistelrooy
51%
Claude Makélélé
50%
Fernando Morientes
49%
Arjen Robben
48%
Fabio Cannavaro
47%
Michel Salgado
41%
Ricardo Carvalho
41%
Lassana Diarra
40%
Mahamadou Diarra
40%
Raul Albiol
37%
Robinho
36%
Steve McManaman
36%
Wesley Sneijder
36%
Clarence Seedorf
34%
Iván Helguera
34%
Cesar Sánchez
33%
Fernando Redondo
27%
Rafael van der Vaart
26%
Fernando Gago
25%
Davor Šuker
23%
Predrag Mijatović
23%
Gabriel Heinze
21%
Luis Enrique
21%
Santiago Solari
21%
Manolo Sanchís
20%
Santiago Canizares
20%
Bodo Illgner
19%
Sávio
19%
Thomas Gravesen
18%
Esteban Cambiasso
17%
Iván Zamorano
17%
Michael Laudrup
17%
Walter Samuel
17%
Christian Panucci
16%
Raul Bravo
16%
Francisco Pavón
15%
Iván Campo
15%
Emerson
14%
Aitor Karanka
13%
Francisco Buyo
13%
Chendo
9%
José Amavisca
7%
Robert Jarni
7%
Quique Sánches Flores
6%
No matching quizzes found
Score Distribution
Percent of People with Each Score
Percentile by Number Answered
Your Score History
You have not taken this quiz